[Event "I Abierto Int. de Ajedrez Hotel CEMAR"]
[Site "Mondariz  Balneario "]
[Date "2014.08.16"]
[Round "1.1"]
[White "Salgado Gonzalez, Julio"]
[Black "Manolache, Marius"]
[Result "0-1"]
[WhiteElo "1838"]
[BlackElo "2490"]
[PlyCount "76"]
[EventDate "2014.08.16"]

1. d4 Nf6 2. Nf3 g6 3. Nc3 d5 4. Bf4 Bg7 5. e3 O-O 6. Be2 c6 7. h4 Qb6 8. Rb1
Nbd7 9. Ne5 Ne4 10. Nxe4 dxe4 11. Nc4 Qd8 12. h5 Re8 13. hxg6 hxg6 14. Nd2 e5
15. dxe5 Bxe5 16. Bxe5 Rxe5 17. Bc4 Nf6 18. Qe2 Qe7 19. Rd1 Bg4 20. Qf1 Bxd1
21. Kxd1 Rd8 22. Kc1 Kg7 23. Nb3 a6 24. g4 Nxg4 25. Be2 Nf6 26. Nd4 Rh8 27. Rg1
c5 28. Nb3 Rh2 29. Nd2 Rf5 30. Rg2 Rh8 31. c3 b5 32. Kc2 c4 33. Qg1 Rd5 34. f4
exf3 35. Nxf3 Qe4+ 36. Kc1 Rh3 37. Ng5 Rxg5 38. Rxg5 Rh1 0-1

[Event "I Abierto Int. de Ajedrez HoteL CEMAR"]
[Site "Mondariz  Balneario "]
[Date "2014.08.16"]
[Round "1.2"]
[White "Garcia Castro, Pablo"]
[Black "Picazo Gonzalez, Ana"]
[Result "1-0"]
[WhiteElo "2382"]
[BlackElo "1795"]
[PlyCount "83"]
[EventDate "2014.08.16"]

1. g3 d5 2. Bg2 e6 3. Nf3 c5 4. O-O Nc6 5. d3 Nf6 6. Nbd2 Be7 7. e4 b6 8. Re1
Bb7 9. c3 h6 10. a3 Qc7 11. exd5 exd5 12. Nh4 Qd7 13. f4 O-O 14. Ndf3 Rfe8 15.
Bd2 Bd6 16. b4 Rxe1+ 17. Qxe1 Re8 18. Qf1 Ng4 19. Bh3 h5 20. Rb1 Bb8 21. bxc5
bxc5 22. d4 cxd4 23. cxd4 Qc8 24. Qb5 Re7 25. Rc1 Qd7 26. Qb1 Qe8 27. Nf5 Rd7
28. Re1 Qc8 29. Bxg4 hxg4 30. Ng5 g6 31. Nh6+ Kg7 32. Nxg4 Re7 33. Ne3 Kg8 34.
Nxd5 Rxe1+ 35. Qxe1 Bd6 36. Nf6+ Kf8 37. Bc3 Be7 38. d5 Bc5+ 39. Kf1 Nd4 40.
Qe5 Ba6+ 41. Kg2 Nf5 {Diagrama [#]} 42. Nfh7+ 1-0

[Event "I Abierto Int de Ajedrez Hotel CEMAR"]
[Site "Mondariz  Balneario "]
[Date "2014.08.16"]
[Round "1.3"]
[White "Bello Filgueira, Joaquin Anton"]
[Black "Lorenzo Duran, Marcos"]
[Result "1/2-1/2"]
[WhiteElo "1776"]
[BlackElo "2167"]
[PlyCount "146"]
[EventDate "2014.08.16"]

1. e4 c6 2. d4 d5 3. Nc3 dxe4 4. Nxe4 Nd7 5. Nf3 Ngf6 6. Ng3 e6 7. Bd3 c5 8.
O-O cxd4 9. Nxd4 Bc5 10. c3 O-O 11. Qe2 Qc7 12. b4 Bxd4 13. cxd4 Qd6 14. Bb2
Nd5 15. a3 Nf4 16. Qc2 Nxd3 17. Qxd3 Nf6 18. Ne4 Nxe4 19. Qxe4 a5 20. Qe5 Rd8
21. Qxd6 Rxd6 22. Rfc1 Bd7 23. Rc7 Bc6 24. b5 Bxb5 25. Rxb7 Ba6 26. Rc7 Rb8 27.
Bc3 a4 28. f3 h6 29. Kf2 Rb3 30. h4 Rd5 31. Kg3 Kh7 32. Bb4 Kg6 33. Ra7 Bb5 34.
Rc1 Rb2 35. Bc5 h5 36. Rb7 Rb3 37. Ra7 Rb2 38. Rb7 Rb3 39. Ra7 e5 40. dxe5 Rxe5
41. Bb4 Re2 42. Ra5 Be8 43. Rg5+ Kf6 44. Rxh5 Ke6 45. Rd1 f6 46. Rh8 Bb5 47.
Rd6+ Ke5 48. Rhd8 Kf5 49. Rd5+ Re5 50. Rd4 Bf1 51. Rf4+ Kg6 52. Rg4+ Kf7 53.
Rf8+ Ke6 54. Rxg7 Rb2 55. Re8+ Kf5 56. Rxe5+ fxe5 57. Kh2 Kf6 58. Rg3 Bc4 59.
Bf8 Kf7 60. Bg7 Rb3 61. Bxe5 Rxa3 62. f4 Rxg3 63. Kxg3 Kg6 64. Kf3 Bd5+ 65. Kf2
Kh5 66. g3 Kg4 67. Bd6 Be6 68. Ke3 Bf5 69. Kd4 Kxg3 70. h5 Kg4 71. Ke5 Bc2 72.
h6 Kh5 73. Bf8 Kg6 1/2-1/2

[Event "I Abierto Int de Ajedrez Hotel CEMAR"]
[Site "Mondariz  Balneario "]
[Date "2014.08.16"]
[Round "1.4"]
[White "Lopez De Turiso, Jose Angel"]
[Black "Represa Perez, Mireya"]
[Result "1-0"]
[WhiteElo "2147"]
[BlackElo "1771"]
[PlyCount "111"]
[EventDate "2014.08.16"]

1. Nf3 d5 2. c4 c6 3. cxd5 cxd5 4. d4 Nf6 5. Nc3 a6 6. Bf4 Bf5 7. Qb3 b5 8. Nh4
Bg6 9. Nxg6 hxg6 10. e3 Nc6 $2 {Diagrama [#]} (10... e6) 11. Nxb5 $1 axb5 12.
Bxb5 Qb6 13. Rc1 Rc8 14. Qa4 Kd7 15. O-O e6 16. Rxc6 Rxc6 17. Rc1 Bc5 18. dxc5
Qb7 19. Bxc6+ Qxc6 20. Qa7+ Kd8 21. Qb8+ Qc8 22. Bc7+ Ke7 23. Bd6+ Kd8 24. Qb6+
Ke8 25. c6 Ne4 26. Ba3 f6 27. c7 Kf7 28. f3 Ng5 29. Bd6 Nh7 30. Qb8 Re8 31. Rc3
Nf8 32. Qxc8 Rxc8 33. Rb3 Nd7 34. Rb8 Rxb8 35. cxb8=Q Nxb8 36. Bxb8 Ke7 37. Kf2
Kd7 38. Ke2 Kc6 39. Kd3 e5 40. f4 exf4 41. exf4 Kc5 42. Ba7+ Kd6 43. Kd4 Kc6
44. Bc5 g5 45. fxg5 fxg5 46. g4 g6 47. a4 Kd7 48. Kxd5 Kc7 49. b4 Kb7 50. b5
Kb8 51. Kc6 Ka8 52. b6 Kb8 53. Bd6+ Ka8 54. b7+ Ka7 55. b8=Q+ Ka6 56. Qa8# 1-0

[Event "I Abierto Int de Ajedrez Hotel CEMAR"]
[Site "Mondariz  Balneario "]
[Date "2014.08.16"]
[Round "1.5"]
[White "Ferreiro Diaz, Miguel"]
[Black "Ruiz Ledo, Antonio"]
[Result "0-1"]
[WhiteElo "1723"]
[BlackElo "2065"]
[PlyCount "66"]
[EventDate "2014.08.16"]

1. e4 c5 2. Nc3 Nc6 3. Bb5 g6 4. d3 Bg7 5. Bxc6 bxc6 6. Be3 Rb8 7. Qc1 Qb6 8.
Rb1 $4 {Diagrama [#]} (8. Nge2) 8... Bxc3+ 9. Kf1 Bxb2 10. Qd1 Qa5 11. Nf3 Qxa2
12. g3 Nf6 13. Kg2 d6 14. c4 Ng4 15. Bd2 Rb6 16. Qc2 Qa3 17. Rhf1 Bd7 18. Rxb2
Rxb2 19. Qc3 Qxc3 20. Bxc3 Rxf2+ 21. Rxf2 Nxf2 22. Bxh8 Nxd3 23. Bc3 Be6 24. e5
Bxc4 25. exd6 exd6 26. Nd2 Bd5+ 27. Kf1 Kd7 28. Ke2 Nb4 29. Ke3 a5 30. Nb1 Ke6
31. Kf4 a4 32. Na3 Bb3 33. h4 Nd5+ 0-1

[Event "I Abierto Int de Ajedrez Hotel CEMAR"]
[Site "Mondariz  Balneario "]
[Date "2014.08.16"]
[Round "1.6"]
[White "Gomez Dieguez, Adrian"]
[Black "Silva, Mariana Sofia T"]
[Result "1-0"]
[WhiteElo "1970"]
[BlackElo "1639"]
[PlyCount "81"]
[EventDate "2014.08.16"]

1. e4 e6 2. d4 d5 3. Nd2 Nf6 4. e5 Nfd7 5. Bd3 c5 6. c3 Nc6 7. Ne2 Qb6 8. Nf3
f6 9. exf6 Nxf6 10. O-O Bd6 11. a3 O-O 12. dxc5 Bxc5 13. b4 Be7 $6 {Diagrama 
[#]} (13... Bxf2+ $1 14. Rxf2 Ng4 15. Qe1 e5 16. Ng3 Qxf2+ 17. Qxf2 Nxf2 18.
Kxf2 e4 19. Nxe4 dxe4 20. Bxe4 Re8 $15) 14. c4 Qd8 15. cxd5 exd5 16. Bb2 Bg4
17. Nfd4 Nxd4 18. Bxd4 a5 19. f3 Bh5 20. Nf4 Bf7 21. Bc2 Qc7 22. Nd3 axb4 23.
axb4 Rxa1 24. Bxa1 Qb6+ 25. Kh1 Bxb4 26. Ne5 Be6 27. Qd3 Qa6 28. Rb1 Bc5 29.
Qd2 Rc8 30. Bd3 Qa4 31. Qg5 Be7 32. Ng4 Bxg4 33. fxg4 Qc6 34. Qd2 Nd7 35. g5
Nc5 36. Bf5 Rd8 37. Qd4 Bf8 38. Rf1 Nb3 39. Qd3 Nxa1 40. Bxh7+ Kh8 41. Qh3 1-0

[Event "I Abierto Int de Ajedrez Hotel CEMAR"]
[Site "Mondariz  Balneario "]
[Date "2014.08.16"]
[Round "1.7"]
[White "Represa Garazo, Juan Manuel"]
[Black "Silva, Antonio Araujo Da"]
[Result "0-1"]
[WhiteElo "1555"]
[BlackElo "1965"]
[PlyCount "72"]
[EventDate "2014.08.16"]

1. e4 Nf6 2. e5 Nd5 3. c4 Nb6 4. Nc3 d6 5. Nf3 Bg4 6. d3 dxe5 7. Be2 Bxf3 8.
Bxf3 c6 9. O-O g6 10. Re1 Bg7 11. Ne4 O-O 12. b3 f5 13. Ng5 Qd7 14. Bb2 h6 15.
Qd2 hxg5 16. Qxg5 Qe6 17. d4 Qf6 18. Qxf6 exf6 19. dxe5 fxe5 20. Bxe5 N8d7 21.
Bxg7 Kxg7 22. Re7+ Rf7 23. Rae1 Raf8 24. h4 Rxe7 25. Rxe7+ Kf6 26. Rh7 Rf7 27.
Rxf7+ Kxf7 28. g4 Ne5 29. Be2 Nxg4 30. Bxg4 fxg4 31. Kg2 Kf6 32. Kg3 Kf5 33. f3
gxf3 34. Kxf3 c5 35. a3 a5 36. Kg3 a4 0-1

[Event "I Abierto Int de Ajedrez Hotel CEMAR"]
[Site "Mondariz  Balneario "]
[Date "2014.08.16"]
[Round "1.8"]
[White "Sanz Bastos, Fernando"]
[Black "Silva, Ana Ines Teixeira D"]
[Result "1-0"]
[WhiteElo "1951"]
[BlackElo "1551"]
[PlyCount "97"]
[EventDate "2014.08.16"]

1. e4 Nf6 2. e5 Nd5 3. d4 d6 4. c4 Nb6 5. exd6 exd6 6. Nf3 Bg4 7. h3 Bh5 8. Nc3
Nc6 9. Be3 Be7 10. g4 Bg6 11. h4 h5 12. g5 d5 13. c5 Nc4 14. Bxc4 dxc4 15. d5
$1 $16 Nb4 $4 {Diagrama [#]} (15... Nb8 16. Ne5 $1) 16. Qa4+ c6 17. Qxb4 cxd5
18. Qb5+ Kf8 19. Ne5 Bf5 20. Qxb7 Rb8 21. Qxd5 Qxd5 22. Nxd5 Rxb2 23. Nxe7 Kxe7
24. Nxc4 Rc2 25. Nd6 Bg4 26. O-O f6 27. Rab1 Rd8 28. Rb7+ Rd7 29. Rxd7+ Kxd7
30. Rb1 Rxa2 31. Rb7+ Kc6 32. Rxg7 fxg5 33. Rxg5 Bf3 34. Kh2 a5 35. Kg3 Bg4 36.
Rxg4 hxg4 37. h5 Ra1 38. Kxg4 a4 39. h6 a3 40. Bd4 Rh1 41. Kg5 a2 42. Kg6 Rg1+
43. Kf7 Rh1 44. Nf5 a1=Q 45. Bxa1 Rxa1 46. h7 Rh1 47. Kg7 Kxc5 48. Nh6 Rg1+ 49.
Kf6 1-0

[Event "I Abierto Int de Ajedrez Hotel CEMAR"]
[Site "Mondariz  Balneario "]
[Date "2014.08.16"]
[Round "1.9"]
[White "Gomez Asenjo, Hector Luis"]
[Black "Silva, Armando Sousa"]
[Result "0-1"]
[WhiteElo "1509"]
[BlackElo "1941"]
[PlyCount "70"]
[EventDate "2014.08.16"]

1. c4 e5 2. Nc3 Bb4 3. d3 Nf6 4. Bd2 O-O 5. g3 Nc6 6. Bg2 a6 7. e3 Re8 8. Nge2
d6 9. a3 Bc5 10. b4 Ba7 11. O-O Bf5 12. Be1 Qc8 13. Ne4 Nxe4 14. dxe4 Bg4 15.
Qd3 Qe6 16. h4 Ne7 17. Kh2 Qh6 18. f4 Rad8 19. Bh3 Bxh3 20. Kxh3 Qe6+ 21. f5
Qd7 22. g4 f6 23. Bf2 b5 24. Nc3 c6 25. Rad1 Qb7 26. Qe2 Kh8 27. Rd2 bxc4 28.
Qxc4 d5 29. exd5 cxd5 30. Qb3 d4 31. Ne2 Qf3+ 32. Ng3 dxe3 33. Rxd8 Rxd8 34.
Bg1 Qd5 35. Bxe3 Qxb3 0-1

[Event "I Abierto Int de Ajedrez Hotel CEMAR"]
[Site "Mondariz  Balneario "]
[Date "2014.08.17"]
[Round "2.1"]
[White "Manolache, Marius"]
[Black "Sanz Bastos, Fernando"]
[Result "1-0"]
[WhiteElo "2490"]
[BlackElo "1951"]
[PlyCount "123"]
[EventDate "2014.08.16"]

1. d4 Nf6 2. Bg5 e6 3. Nd2 h6 4. Bh4 g5 5. Bg3 d6 6. e4 Nc6 7. c3 e5 8. Bb5 Bd7
9. Bxc6 Bxc6 10. dxe5 Nxe4 11. Nxe4 Bxe4 12. Qe2 d5 13. f3 Bg6 14. Qb5+ Qd7 15.
Qxb7 Rc8 16. Rd1 c6 17. Qxd7+ Kxd7 18. Ne2 Bc5 19. Kd2 h5 20. h4 g4 21. fxg4
hxg4 22. Rdf1 Rcf8 23. Rf4 Be4 24. Rh2 Rhg8 25. Rf1 Rh8 26. Bf2 Be7 27. g3 c5
28. Be3 Kc6 29. Rhf2 Rh7 30. Rf4 Bg2 31. R1f2 Bh3 32. Ra4 Rb8 33. b3 Rb7 34.
Nf4 Rg7 35. Nd3 c4 36. bxc4 dxc4 37. Rxc4+ Kd7 38. Kc2 Rb5 39. Ra4 a5 40. c4
Rb7 41. Rxa5 Rc7 42. c5 Bxh4 43. gxh4 g3 44. Rd2 Kc8 45. Nf4 Bf5+ 46. Kc3 Be4
47. Nd5 Bxd5 48. Rxd5 g2 49. Bg1 Rg3+ 50. Rd3 Rxd3+ 51. Kxd3 Rd7+ 52. Ke2 Rd5
53. Ra8+ Kd7 54. Ra7+ Ke6 55. c6 Rxe5+ 56. Kf3 Rh5 57. c7 Kd7 58. Kg3 Rh6 59.
Kxg2 Rg6+ 60. Kh1 Rg4 61. Bh2 Rxh4 62. Ra8 1-0

[Event "I Abierto Int de Ajedrez Hotel CEMAR"]
[Site "Mondariz  Balneario "]
[Date "2014.08.17"]
[Round "2.2"]
[White "Silva, Antonio Araujo Da"]
[Black "Garcia Castro, Pablo"]
[Result "0-1"]
[WhiteElo "1965"]
[BlackElo "2382"]
[PlyCount "88"]
[EventDate "2014.08.16"]

1. e4 g6 2. Nc3 Bg7 3. f4 c6 4. d4 d5 5. e5 Nh6 6. Nf3 f6 7. Bd3 O-O 8. O-O Bg4
9. Ne2 Bxf3 10. Rxf3 fxe5 11. dxe5 c5 12. c3 Nc6 13. Qe1 e6 14. Kh1 Rf7 15. a3
c4 16. Bc2 Qb6 17. Qg1 Bf8 18. Qxb6 axb6 19. Be3 Bc5 20. Bg1 Nf5 21. Raf1 h5
22. g3 Kg7 23. Kg2 Raf8 24. h3 Kh8 25. Bxf5 Rxf5 26. Nd4 Bxd4 27. Bxd4 b5 28.
g4 R5f7 29. Kg3 Kh7 30. Kh4 hxg4 31. hxg4 Kg7 32. Kg3 Rh8 33. f5 gxf5 34. gxf5
Nxd4 35. f6+ Kf8 36. cxd4 Rfh7 37. Rf4 Rh3+ 38. Kg4 Rb3 39. R1f2 Rg8+ 40. Kh4
Rbg3 41. Rh2 Rg1 42. Kh3 Kf7 43. Rd2 Rh8+ 44. Rh4 Rh1+ 0-1

[Event "I Abierto Int de Ajedrez Hotel CEMAR"]
[Site "Mondariz  Balneario "]
[Date "2014.08.17"]
[Round "2.3"]
[White "Silva, Armando Sousa"]
[Black "Lopez De Turiso, Jose Angel"]
[Result "1-0"]
[WhiteElo "1941"]
[BlackElo "2147"]
[PlyCount "111"]
[EventDate "2014.08.16"]

1. d4 Nf6 2. Nf3 d6 3. c4 e5 4. dxe5 Ne4 5. Nbd2 Bf5 6. Nxe4 Bxe4 7. Bg5 Qd7 8.
Qb3 Na6 9. Qe3 d5 10. a3 Qa4 11. Rc1 Bc5 12. Qc3 h6 13. Bd2 O-O 14. e3 Bxf3 15.
gxf3 Rad8 16. cxd5 Rxd5 17. Bc4 Rfd8 18. Bxd5 Rxd5 19. e4 Rd8 20. O-O Bd4 21.
Qc2 Qd7 22. Bc3 Qh3 23. Qe2 Bb6 24. Rfd1 Re8 25. f4 Nc5 26. Kh1 Ne6 27. Qd3
Nxf4 28. Qxh3 Nxh3 29. Bd4 Bxd4 30. Rxd4 c6 31. Kg2 Nf4+ 32. Kf3 Ng6 33. Rcd1
Nxe5+ 34. Ke2 Re7 35. h3 g5 36. b3 Kg7 37. f3 Kf6 38. Rd6+ Kg7 39. Rd8 f6 40.
Kf2 Kg6 41. Rg8+ Kh5 42. Rd6 Rf7 43. Kg3 Ng6 44. Rgd8 Ne5 45. f4 gxf4+ 46. Kxf4
Kg6 47. Rg8+ Kh5 48. Kf5 Nd7 49. Rd8 Nc5 50. b4 Na4 51. Rxf6 Rh7 52. e5 Nb6 53.
e6 Rg7 54. Rf7 Rg5+ 55. Ke4 Nd5 56. e7 1-0

[Event "I Abierto Int de Ajedrez Hotel CEMAR"]
[Site "Mondariz  Balneario "]
[Date "2014.08.17"]
[Round "2.4"]
[White "Ruiz Ledo, Antonio"]
[Black "Cervigni Sebastian, Alejandro"]
[Result "1-0"]
[WhiteElo "2065"]
[BlackElo "1454"]
[PlyCount "75"]
[EventDate "2014.08.16"]

1. e4 d5 2. e5 Bf5 3. d4 e6 4. h4 h5 5. Be2 Bg6 6. c3 Be7 7. g3 c5 8. a3 Qb6 9.
b4 cxd4 10. cxd4 Nc6 11. Be3 a6 12. Nf3 Nh6 13. Bxh6 Rxh6 14. O-O Bxb1 15. Rxb1
g6 16. b5 axb5 17. Rxb5 Qc7 18. a4 Rh8 19. Qb1 Ra7 20. Rc1 Kd7 21. Bd1 Rb8 22.
Ne1 Qd8 23. Qd3 Rc8 24. Rcb1 Rb8 25. Ng2 Qc7 26. f4 Rh8 27. Ne3 Rg8 28. Kg2 Rh8
29. Kh3 Na5 30. Bf3 Nc6 31. Bxd5 exd5 32. Nxd5 Qb8 33. Nb6+ Ke8 34. d5 Nd8 35.
d6 Bf8 36. d7+ Ke7 37. Nc8+ Ke6 38. Rb6+ 1-0

[Event "I Abierto Int de Ajedrez Hotel CEMAR"]
[Site "Mondariz  Balneario "]
[Date "2014.08.17"]
[Round "2.5"]
[White "Dominguez Certal, Dario"]
[Black "Gomez Dieguez, Adrian"]
[Result "0-1"]
[WhiteElo "1501"]
[BlackElo "1970"]
[PlyCount "38"]
[EventDate "2014.08.16"]

1. e4 e5 2. Nf3 Nc6 3. Bc4 Bc5 4. O-O Nf6 5. d3 d6 6. h3 Na5 7. Bb3 h6 8. Ba4+
Nc6 9. Bxc6+ bxc6 10. b3 O-O 11. Bb2 Re8 12. Nbd2 Nh5 13. Nxe5 Nf4 14. Nef3 Re6
15. d4 Bb6 16. Kh2 Rg6 17. Rg1 c5 18. Nc4 Qd7 19. Nxb6 Rxg2+ 0-1

[Event "I Abierto Int de Ajedrez Hotel CEMAR"]
[Site "Mondariz  Balneario "]
[Date "2014.08.17"]
[Round "2.6"]
[White "Lorenzo Duran, Marcos"]
[Black "Boo Vallejo, Marcos"]
[Result "1/2-1/2"]
[WhiteElo "2167"]
[BlackElo "1611"]
[PlyCount "114"]
[EventDate "2014.08.16"]

1. d4 Nf6 2. Nf3 g6 3. c4 Bg7 4. Nc3 d5 5. e3 b6 6. Qa4+ Bd7 7. Qb3 Bc6 8. Ne5
Bb7 9. cxd5 Nxd5 10. Bb5+ c6 11. Qxd5 Qxd5 12. Nxd5 Bxe5 13. dxe5 Kd8 14. Nxb6
axb6 15. Bc4 e6 16. e4 Nd7 17. Bg5+ Kc7 18. O-O h6 19. Bf4 Ba6 20. Rfc1 g5 21.
Bg3 Bxc4 22. Rxc4 Ra5 23. Rac1 Rc5 24. Rxc5 Nxc5 25. f3 Rd8 26. Rc2 Rd1+ 27.
Kf2 Ra1 28. a3 Ra2 29. f4 Nxe4+ 30. Kf3 Nxg3 31. hxg3 Ra1 32. Kg4 Rf1 33. Re2
c5 34. b3 Kc6 35. Rd2 Rb1 36. Rd6+ Kb5 37. Rd3 c4 38. bxc4+ Kxc4 39. Rd7 Ra1
40. Rxf7 Rxa3 41. Rf6 gxf4 42. gxf4 Kd5 43. Rxh6 Ra7 44. Rh1 b5 45. Rb1 Rb7 46.
Kf3 b4 47. Ke3 b3 48. Kd3 Rg7 49. Rf1 Rg3+ 50. Kd2 Ke4 51. Re1+ Kxf4 52. Re2
Rg5 53. Kc3 Rxe5 54. Rxe5 Kxe5 55. Kxb3 Kf4 56. Kc3 e5 57. Kd3 Kg3 1/2-1/2

[Event "I Abierto Int de Ajedrez Hotel CEMAR"]
[Site "Mondariz  Balneario "]
[Date "2014.08.17"]
[Round "2.7"]
[White "Rodriguez Boado, Martin"]
[Black "Bello Filgueira, Joaquin Anton"]
[Result "1-0"]
[WhiteElo "2163"]
[BlackElo "1776"]
[PlyCount "87"]
[EventDate "2014.08.16"]

1. e4 c5 2. g3 e6 3. Bg2 Nc6 4. Ne2 g6 5. d4 cxd4 6. Nxd4 Bg7 7. Nb5 Qa5+ 8.
N1c3 Bxc3+ 9. Nxc3 Nge7 10. Bh6 Qh5 11. Qxh5 gxh5 12. Nb5 Kd8 13. O-O-O Rg8 14.
h4 a6 15. Nd6 f6 16. Rd2 b5 17. Rhd1 Kc7 18. Nxc8 Raxc8 19. Rxd7+ Kb8 20. e5
fxe5 21. R1d6 Rc7 22. Bg5 Rxd7 23. Rxd7 Kc8 24. Rd6 Kc7 25. Rxe6 Rg6 26. Rxe7+
Nxe7 27. Bxe7 Re6 28. Bg5 h6 29. Be3 Rf6 30. Kd2 b4 31. Kd3 a5 32. Kc4 Rd6 33.
Kb5 e4 34. Kxa5 Rc6 35. Bxe4 b3 36. axb3 Re6 37. Bf4+ Kd8 38. f3 Ke7 39. b4 Kd8
40. b5 Ke7 41. b6 Kf8 42. b7 Kf7 43. b8=Q Re8 44. Qc7+ 1-0

[Event "I Abierto Int de Ajedrez Hotel CEMAR"]
[Site "Mondariz  Balneario "]
[Date "2014.08.17"]
[Round "2.8"]
[White "Garcia Sobrino, David"]
[Black "Garcia Bugallo, Jose Luis"]
[Result "1-0"]
[WhiteElo "1852"]
[BlackElo "1818"]
[PlyCount "63"]
[EventDate "2014.08.16"]

1. e4 c5 2. Nf3 d6 3. d4 cxd4 4. Nxd4 Nf6 5. Nc3 a6 6. Qf3 b5 7. e5 dxe5 8.
Qxa8 exd4 9. Nxb5 Qb6 10. Nxd4 e5 11. Nb3 Bd6 12. Be3 Qc7 13. O-O-O Nfd7 14.
Qd5 Be7 15. Qc4 Nc6 16. Na5 Qxa5 17. Qxc6 O-O 18. Bc4 Nb8 19. Qb6 Qxb6 20. Bxb6
Bf5 21. Rhe1 Nd7 22. Ba5 Rc8 23. Bd3 Be6 24. Bc3 f6 25. f4 Bg4 26. Be2 Be6 27.
Bxa6 Ra8 28. Bb5 Nf8 29. fxe5 fxe5 30. a4 Rc8 31. Rxe5 h6 32. Rxe6 1-0

[Event "I Abierto Int de Ajedrez Hotel CEMAR"]
[Site "Mondariz  Balneario "]
[Date "2014.08.17"]
[Round "2.9"]
[White "Silva, Mariana Sofia T"]
[Black "Salgado Gonzalez, Julio"]
[Result "1-0"]
[WhiteElo "1639"]
[BlackElo "1838"]
[PlyCount "85"]
[EventDate "2014.08.16"]

1. e4 Nc6 2. Nf3 f5 3. exf5 d5 4. Bb5 Bxf5 5. Ne5 Qd6 6. Bxc6+ bxc6 7. d4 Nf6
8. O-O Nd7 9. Bf4 Nxe5 10. Bxe5 Qd7 11. Nd2 e6 12. Nf3 Bd6 13. Qe2 O-O 14. Bg3
Bg4 15. Ne5 Bxe2 16. Nxd7 Bxf1 17. Nxf8 Bxg2 18. Nxe6 Be4 19. Rc1 Rb8 20. b3 a5
21. Nxc7 Bxg3 22. fxg3 a4 23. Na6 Ra8 24. Nb4 Kf7 25. Nxc6 axb3 26. axb3 Kf6
27. Nb4 Kg5 28. h3 h5 29. Kf2 h4 30. Rg1 g6 31. Ke2 hxg3 32. Rxg3+ Kh4 33. Re3
Ra1 34. c4 Rh1 35. Kd2 Rh2+ 36. Kc3 Rxh3 37. Rxh3+ Kxh3 38. Nxd5 g5 39. Ne3 Kg3
40. d5 Kf4 41. Kd4 Bf3 42. c5 g4 43. c6 1-0

[Event "I Abierto Int de Ajedrez Hotel CEMAR"]
[Site "Mondariz  Balneario "]
[Date "2014.08.17"]
[Round "2.10"]
[White "Picazo Gonzalez, Ana"]
[Black "Represa Garazo, Juan Manuel"]
[Result "1-0"]
[WhiteElo "1795"]
[BlackElo "1555"]
[PlyCount "73"]
[EventDate "2014.08.16"]

1. d4 d5 2. Nf3 c6 3. e3 Bg4 4. c4 e6 5. Qb3 Qc7 6. Ne5 f5 7. Nxg4 fxg4 8. Be2
Nf6 9. Nc3 Nbd7 10. Bd2 Be7 11. Rc1 O-O 12. cxd5 g3 13. hxg3 Nxd5 14. Nxd5 exd5
15. Qxd5+ Kh8 16. Bd3 Nf6 17. Qf5 h6 18. g4 Qd7 19. g5 Qxf5 20. Bxf5 Nd5 21. e4
Nb4 22. Ke2 Rad8 23. gxh6 Rxf5 24. exf5 Rxd4 25. hxg7+ Kxg7 26. Bc3 Bf6 27.
Bxd4 Bxd4 28. Rh4 c5 29. Rxd4 cxd4 30. Rc7+ Kf6 31. Rxb7 Nxa2 32. Kd2 a6 33. g4
Kg5 34. Rb6 a5 35. f4+ Kxg4 36. f6 Nb4 37. Rxb4 1-0

[Event "I Abierto Int de Ajedrez Hotel CEMAR"]
[Site "Mondariz  Balneario "]
[Date "2014.08.17"]
[Round "2.11"]
[White "Represa Perez, Mireya"]
[Black "Gomez Asenjo, Hector Luis"]
[Result "1-0"]
[WhiteElo "1771"]
[BlackElo "1509"]
[PlyCount "125"]
[EventDate "2014.08.16"]

1. e4 e5 2. Nf3 Nc6 3. Bb5 Nge7 4. O-O g6 5. Re1 Bg7 6. h3 O-O 7. d3 d6 8. c3
h6 9. Nbd2 Kh7 10. Nf1 f5 11. Ng3 f4 12. Nf1 g5 13. N3h2 Qe8 14. Ba4 Qg6 15.
Qf3 Ng8 16. Bd1 Nf6 17. Ng4 Ne8 18. Ngh2 Ne7 19. Nd2 Nf6 20. d4 h5 21. dxe5
dxe5 22. Nc4 Nc6 23. Qe2 g4 24. hxg4 hxg4 25. Nf1 f3 26. Qe3 Bh6 27. Qxh6+ Qxh6
28. Bxh6 Kxh6 29. gxf3 gxf3 30. Bxf3 Rg8+ 31. Ng3 Be6 32. Ne3 Nh5 33. Bxh5
Rxg3+ 34. fxg3 Kxh5 35. Kg2 Rd8 36. Red1 Rf8 37. a3 Kg5 38. Nd5 Rf7 39. Rf1 Rh7
40. Rh1 Rd7 41. Rad1 Rf7 42. Rdf1 Rd7 43. Rh8 Ne7 44. Nxe7 Rxe7 45. Rfh1 Bf7
46. R8h7 Rd7 47. Kf3 Kf6 48. Ke3 Kg6 49. R7h5 Kf6 50. Rf5+ Kg7 51. Rxe5 Bg6 52.
Rf1 b6 53. g4 c5 54. g5 c4 55. Rd5 Re7 56. Rf4 Bf7 57. Rd6 Bg6 58. Kd4 Bf7 59.
e5 Rc7 60. g6 Be8 61. Rh4 Rc5 62. Rh7+ Kf8 63. g7+ 1-0

[Event "I Abierto Int de Ajedrez Hotel CEMAR"]
[Site "Mondariz  Balneario "]
[Date "2014.08.17"]
[Round "2.12"]
[White "Silva, Ana Ines Teixeira Da"]
[Black "Ferreiro Diaz, Miguel"]
[Result "1-0"]
[WhiteElo "1551"]
[BlackElo "1723"]
[PlyCount "57"]
[EventDate "2014.08.16"]

1. e4 d5 2. exd5 Nf6 3. Bb5+ Nbd7 4. Nc3 a6 5. Ba4 b5 6. Bb3 Nb6 7. a4 b4 8. a5
Nbd7 9. Na2 Rb8 10. c3 bxc3 11. dxc3 Nc5 12. Nb4 Nxb3 13. Qxb3 Qd6 14. Ne2 e6
15. Bf4 e5 16. Bg3 Ne4 17. Qc4 Nc5 18. Nd4 f6 19. Ndc6 Rb7 20. O-O Be7 21. f4
e4 22. f5 Qd7 23. Bf2 Nd3 24. Nxd3 exd3 25. Rfe1 Qxf5 26. Rxe7+ Kf8 27. d6 Qh5
28. d7 Bxd7 29. Rxd7 1-0

[Event "I Abierto Int de Ajedrez Hotel CEMAR"]
[Site "Mondariz  Balneario "]
[Date "2014.08.18"]
[Round "3.1"]
[White "Gomez Dieguez, Adrian"]
[Black "Manolache, Marius"]
[Result "0-1"]
[WhiteElo "1970"]
[BlackElo "2490"]
[PlyCount "54"]
[EventDate "2014.08.16"]

1. b3 Nf6 2. Bb2 d6 3. f4 g6 4. Nf3 Bg7 5. e4 O-O 6. Qe2 Nc6 7. g3 Bg4 8. Bg2
e5 9. d3 exf4 10. h3 Nxe4 11. Bxg7 Nxg3 12. Bxf8 Nxe2 13. hxg4 Ng3 14. Bh6 Qe7+
15. Kd2 Qe2+ 16. Kc3 Qxg2 17. Nbd2 Nxh1 18. Rg1 Qh3 19. Bxf4 f6 20. d4 Re8 21.
a3 Re2 22. Kb2 g5 23. d5 Ne5 24. Nd4 gxf4 25. Nxe2 Qh2 26. Re1 f3 27. Nc3 Nd3+
0-1

[Event "I Abierto Int de Ajedrez Hotel CEMAR"]
[Site "Mondariz  Balneario "]
[Date "2014.08.18"]
[Round "3.2"]
[White "Garcia Castro, Pablo"]
[Black "Ruiz Ledo, Antonio"]
[Result "1-0"]
[WhiteElo "2382"]
[BlackElo "2065"]
[PlyCount "53"]
[EventDate "2014.08.16"]

1. e4 b6 2. Nf3 Bb7 3. d3 e6 4. Nbd2 d5 5. c3 c5 6. Qa4+ Qd7 7. Qc2 Nc6 8. Be2
Bd6 9. O-O Nf6 10. Re1 O-O-O 11. a3 Qc7 12. b4 Ng4 13. Nf1 dxe4 14. dxe4 Nce5
15. Nxe5 Nxe5 16. f4 Nc6 17. e5 Be7 18. Bf3 cxb4 19. axb4 Nxb4 20. Bxb7+ Kxb7
21. Qe4+ Nc6 22. Be3 Qd7 23. c4 Qd3 24. Rxa7+ Kxa7 25. Qxc6 Qa3 26. Qxb6+ Ka8
27. Rb1 1-0

[Event "I Abierto Int de Ajedrez Hotel CEMAR"]
[Site "Mondariz  Balneario "]
[Date "2014.08.18"]
[Round "3.3"]
[White "Silva, Armando Sousa"]
[Black "Rodriguez Boado, Martin"]
[Result "0-1"]
[WhiteElo "1941"]
[BlackElo "2163"]
[PlyCount "76"]
[EventDate "2014.08.16"]

1. Nf3 d6 2. c4 e5 3. Nc3 f5 4. d3 Nc6 5. g3 Nf6 6. Bg2 Be7 7. Rb1 O-O 8. O-O
a5 9. a3 Kh8 10. b4 axb4 11. axb4 Be6 12. Ng5 Bg8 13. b5 Na5 14. Nh3 d5 15.
cxd5 Nxd5 16. Bd2 Bc5 17. Na4 Bd6 18. Ng5 Qe7 19. Nf3 e4 20. Bg5 Qe8 21. dxe4
fxe4 22. Ne1 Qg6 23. Bh4 Nc4 24. Rc1 Nb4 25. Nc3 e3 26. Bxb7 Rab8 27. Be4 Qe8
28. Ng2 Nd2 29. Bf3 Nxf1 30. Kxf1 exf2 31. Qd4 Na2 32. Nxa2 Bxa2 33. Qa4 Be6
34. Nf4 Bd7 35. Nh5 Rxf3 36. Kg2 f1=Q+ 37. Rxf1 Rxf1 38. Nxg7 Qxe2# 0-1